00960nam a2200205Ia 4500003000900000005001700009008004100026040003100067040001300098041000800111100004200119245008400161260003100245300001800276490001400294520031700308942001200625999001700637952010000654IT-RoPAU20220918175838.0120407s9999 xx 000 0 und d aIT-RoPAUc20140729090659.0 cIT-RoPAU aita aRanzato Dina - Rocca Giancarlo933907 a50 anni di una presenza pastorale.bLe suore di Gesù Buon pastore (1938-1988) c1988aRoma bEd. Cicinelli a335 p.c24 cm v2° Vol.  aIndice del Volume Presentazione Introduzione Parte Prima - Preistoria di un ideale: 1900-1935 Parte Seconda - Alla ricerca di una fisionomia: 1936-1947 Parte Terza - Sviluppo e consolidamento: 1948-1969 Parte Quarta - Rilettura del carisma: 1970-1975 Parte Quinta - Realizzazione di un nuovo cammino: 1976-1987 cBK2ddc c32887d32887 00102ddc406P_E171aPAULUSbPAULUSd2012-04-11l0oP E1r2012-04-11 00:00:00w2012-04-11yBK